00350nam a2200133Ia 450000500170000000800410001702000150005808200130007310000190008624500270010526000430013230000120017550000290018720250701153725.0240331s9999 xx 000 0 und d a9552108071 bSENa398 aSenarathne,P.M 0aSri Lankawe janakreeda aColombobA.M.D.Gunasena & Co Ltdc1996 a78 p ., aFolk Sports In Sri Lanka